[Event "COMMONWEALTH CHESS CHAMPIONSHI"]
[Site "Nagpur,India"]
[Date "2008.09.30"]
[Round "3.74"]
[White "Das, Sayantan"]
[Black "Teenu Thomas"]
[Result "1-0"]
[WhiteElo "2135"]
[BlackElo "1859"]
[PlyCount "99"]
[EventDate "2008.09.28"]
[Source "MonRoi"]

1. e4 c5 2. Nf3 d6 3. d4 cxd4 4. Nxd4 Nf6 5. f3 e6 6. c4 Be7 7. Nc3 O-O 8. Be2
Nbd7 9. Be3 d5 10. exd5 exd5 11. O-O Nb6 12. Ndb5 a6 13. c5 Nbd7 14. Nd6 Nxc5
15. Bxc5 Bxd6 16. Qd4 Bxc5 17. Qxc5 Be6 18. f4 Nd7 19. Qd4 Qb6 20. Rfd1 f5 21.
Bf3 Qxd4+ 22. Rxd4 Nf6 23. Nxd5 Nxd5 24. Bxd5 Bxd5 25. Rxd5 Rac8 26. Rd7 Rf7
27. Rd2 Rfc7 28. Rad1 Rc1 29. Rxc1 Rxc1+ 30. Kf2 Rc7 31. Kf3 Kf7 32. Rd6 Ke7
33. Rb6 Rd7 34. Ke3 g6 35. h4 Kf7 36. h5 Kg7 37. g3 Kh6 38. hxg6 hxg6 39. Kf3
Kh5 40. Ke3 g5 41. Rf6 Rd5 42. Rf7 Rb5 43. b3 Kg6 44. Rd7 g4 45. Rd6+ Kf7 46.
Rd4 Ra5 47. a4 b5 48. Rd5 Ke6 49. Re5+ Kf6 50. Kd3 1-0

[Event "COMMONWEALTH CHESS CHAMPIONSHI"]
[Site "Nagpur,India"]
[Date "2008.09.30"]
[Round "3.75"]
[White "Srivastava, V K."]
[Black "Antonio, Viani D'cunha"]
[Result "0-1"]
[WhiteElo "1891"]
[BlackElo "2115"]
[PlyCount "72"]
[EventDate "2008.09.28"]
[Source "MonRoi"]

1. e4 c5 2. Nf3 e6 3. d4 cxd4 4. Nxd4 a6 5. Be2 Nf6 6. Bf3 Nc6 7. Nxc6 bxc6 8.
O-O d5 9. exd5 cxd5 10. c4 Rb8 11. cxd5 Nxd5 12. Re1 Bb7 13. a3 Be7 14. Qa4+
Qd7 15. Qxd7+ Kxd7 16. Nd2 Rhc8 17. Ne4 h6 18. Bd2 Rc2 19. Rad1 Ke8 20. b4 f5
21. Nc5 Bxc5 22. bxc5 Kf7 23. Bxd5 Bxd5 24. Bf4 Rbb2 25. Be5 Ra2 26. Bd4 Rxa3
27. Rc1 Rxc1 28. Rxc1 Rd3 29. Be3 g5 30. g3 Bc6 31. Kf1 e5 32. Ke1 f4 33. gxf4
gxf4 34. Bd2 Rh3 35. Ra1 Rxh2 36. Rxa6 Rh1+ 0-1

[Event "COMMONWEALTH CHESS CHAMPIONSHI"]
[Site "Nagpur,India"]
[Date "2008.09.30"]
[Round "3.76"]
[White "Pendalwar, Pankaj"]
[Black "Anjana Krishna, S."]
[Result "1-0"]
[WhiteElo "2115"]
[BlackElo "1845"]
[PlyCount "93"]
[EventDate "2008.09.28"]
[Source "MonRoi"]

1. e4 e5 2. Nf3 Nc6 3. Bb5 a6 4. Bxc6 dxc6 5. Nc3 Bd6 6. d4 Bg4 7. dxe5 Bxf3 8.
Qxf3 Bxe5 9. Bd2 Qf6 10. Qe2 Bf4 11. O-O-O Ne7 12. g3 Bxd2+ 13. Rxd2 Nc8 14.
Qg4 Nb6 15. e5 Qg6 16. Qb4 a5 17. Qc5 Qe6 18. Rhd1 Qe7 19. Qxe7+ Kxe7 20. Ne4
Rab8 21. Nc5 Nd5 22. c4 Nb6 23. b3 Rhe8 24. f4 Kf8 25. Kc2 h6 26. h4 h5 27. Kc3
Ke7 28. a4 g6 29. b4 axb4+ 30. Kxb4 Na8 31. Rd7+ Kf8 32. e6 fxe6 33. Rh7 Rbd8
34. Nd7+ Kg8 35. Nf6+ Kf8 36. Rh8+ Ke7 37. Rxe8+ Rxe8 38. Nxe8 Kxe8 39. a5 Ke7
40. Kc5 Ke8 41. Rb1 b5 42. Kxc6 bxc4 43. Kb7 Nb6 44. axb6 cxb6 45. Kxb6 Kf7 46.
Kc5 Kf6 47. Rb5 1-0

[Event "COMMONWEALTH CHESS CHAMPIONSHI"]
[Site "Nagpur,India"]
[Date "2008.09.30"]
[Round "3.77"]
[White "Sathya, Priya S V"]
[Black "Gahan, M G."]
[Result "0-1"]
[WhiteElo "1882"]
[BlackElo "2114"]
[PlyCount "66"]
[EventDate "2008.09.28"]
[Source "MonRoi"]

1. d4 Nf6 2. c4 g6 3. Nc3 d5 4. cxd5 Nxd5 5. Bd2 Bg7 6. e4 Nb6 7. Be3 Nc6 8.
Nf3 Bg4 9. d5 Ne5 10. Be2 Nxf3+ 11. Bxf3 Bxf3 12. Qxf3 O-O 13. Qe2 c6 14. dxc6
Bxc3+ 15. bxc3 Qc7 16. O-O Qxc6 17. Bxb6 Qxb6 18. Rab1 Qc7 19. Qb5 b6 20. Rfc1
Rac8 21. c4 Rfd8 22. f3 Qf4 23. Rd1 Rd2 24. Qb3 Rcd8 25. Rxd2 Qxd2 26. h3 Rd3
27. Qb4 Qxa2 28. Rb2 Qa3 29. Qxa3 Rxa3 30. Rd2 Kg7 31. Rd7 Kf6 32. Rb7 Ra2 33.
Kh2 Ke6 0-1

[Event "COMMONWEALTH CHESS CHAMPIONSHI"]
[Site "Nagpur,India"]
[Date "2008.09.30"]
[Round "3.80"]
[White "Ganesh, Babu S"]
[Black "Nandhidhaa, P  V."]
[Result "1-0"]
[WhiteElo "2109"]
[BlackElo "1797"]
[PlyCount "55"]
[EventDate "2008.09.28"]
[Source "MonRoi"]

1. e4 c5 2. Nf3 d6 3. d4 cxd4 4. Qxd4 Nc6 5. Bb5 Bd7 6. Bxc6 Bxc6 7. Nc3 Nf6 8.
Bg5 e6 9. O-O-O Be7 10. Rhe1 O-O 11. Qd2 Qc7 12. Nd4 Rfc8 13. Nxc6 Qxc6 14. Bf4
Rd8 15. Qe2 d5 16. e5 Nd7 17. Rd3 Nb6 18. Qh5 g6 19. Qh6 Bf8 20. Qh4 Qc4 21.
Re4 Qc6 22. Red4 Qc5 23. Bg5 Rdc8 24. Bf6 Bg7 25. Qxh7+ Kf8 26. Qxg7+ Ke8 27.
Rh4 Nd7 28. b4 1-0

[Event "COMMONWEALTH CHESS CHAMPIONSHI"]
[Site "Nagpur,India"]
[Date "2008.09.30"]
[Round "3.81"]
[White "Gusain, Himal"]
[Black "Shah, Dhruv"]
[Result "1-0"]
[WhiteElo "2108"]
[BlackElo "1791"]
[PlyCount "69"]
[EventDate "2008.09.28"]
[Source "MonRoi"]

1. e4 b6 2. d4 Bb7 3. Bd3 e6 4. Nf3 Nf6 5. Qe2 c5 6. c3 Nc6 7. d5 Ne7 8. c4 d6
9. dxe6 fxe6 10. O-O e5 11. Nc3 Nc6 12. Nd5 Be7 13. Be3 O-O 14. a3 Nxd5 15.
exd5 Nd4 16. Bxd4 exd4 17. Qe6+ Rf7 18. Bxh7+ Kf8 19. Bg6 Rf6 20. Qg4 Bc8 21.
Qh5 Rxg6 22. Qxg6 Kg8 23. h4 Bxh4 24. Nxh4 Qxh4 25. Qxd6 Qf6 26. Qxf6 gxf6 27.
Rfe1 Kf7 28. b4 a5 29. bxc5 bxc5 30. Rab1 Ba6 31. Rb6 Bxc4 32. Rc6 Bxd5 33.
Rxc5 Bb3 34. Rc7+ Kg6 35. Rd7 1-0

[Event "COMMONWEALTH CHESS CHAMPIONSHI"]
[Site "Nagpur,India"]
[Date "2008.09.30"]
[Round "3.82"]
[White "Ojas Gulhane"]
[Black "Ajith, M P."]
[Result "0-1"]
[WhiteElo "1822"]
[BlackElo "2104"]
[PlyCount "104"]
[EventDate "2008.09.28"]
[Source "MonRoi"]

1. c4 c5 2. Nc3 Nc6 3. Nf3 Nf6 4. e4 d6 5. d4 cxd4 6. Nxd4 g6 7. Be2 Bg7 8. Be3
O-O 9. O-O a6 10. f3 e5 11. Nc2 Be6 12. Qd2 Qe7 13. Rfd1 Rfd8 14. Bb6 Rd7 15.
Nd5 Bxd5 16. cxd5 Na7 17. Rac1 Nc8 18. Be3 Qf8 19. Ne1 Ne7 20. Rc2 h6 21. Nd3
g5 22. Rdc1 Ng6 23. g4 Nf4 24. Nxf4 gxf4 25. Bb6 h5 26. h3 Qe7 27. Bf1 Bh6 28.
g5 Bxg5 29. h4 Bxh4 30. Bh3 Kh7 31. Bf5+ Kh6 32. Rc8 Rxc8 33. Rxc8 Bg3 34. Bxd7
Qxd7 35. Rc7 Qb5 36. Bf2 h4 37. Rc2 Kg6 38. Kg2 h3+ 39. Kg1 Nh5 40. Qe2 h2+ 41.
Kg2 Qd7 42. Rc1 Kg5 43. Rh1 f5 44. Bb6 fxe4 45. fxe4 Kh4 46. Kf1 Qh3+ 47. Qg2
Qxg2+ 48. Kxg2 Kg4 49. Bc7 f3+ 50. Kf1 Nf6 51. Bb6 Nxe4 52. Be3 Nf6 0-1

[Event "COMMONWEALTH CHESS CHAMPIONSHI"]
[Site "Nagpur,India"]
[Date "2008.09.30"]
[Round "3.83"]
[White "Gagare, Shalmali"]
[Black "Shweta, Gole"]
[Result "1-0"]
[WhiteElo "2092"]
[BlackElo "1784"]
[PlyCount "51"]
[EventDate "2008.09.28"]
[Source "MonRoi"]

1. c4 Nf6 2. Nc3 e6 3. e4 c5 4. e5 Ng8 5. Nf3 d5 6. d4 cxd4 7. Nxd4 Bc5 8. cxd5
exd5 9. Bb5+ Kf8 10. Nb3 Bb4 11. Qd4 Bxc3+ 12. bxc3 a6 13. Ba3+ Ne7 14. Bc4
Nbc6 15. Qxd5 Qxd5 16. Bxd5 Nxe5 17. O-O-O f6 18. f4 N5g6 19. Rhe1 a5 20. Re3
Bg4 21. Rde1 Re8 22. Nd4 Bc8 23. Nb5 Bg4 24. Nc7 Rc8 25. Rxe7 Nxe7 26. Bxe7#
1-0

[Event "COMMONWEALTH CHESS CHAMPIONSHI"]
[Site "Nagpur,India"]
[Date "2008.09.30"]
[Round "3.84"]
[White "Shoumi, Mukerjee"]
[Black "Navalgund, Niranjan"]
[Result "1/2-1/2"]
[WhiteElo "1790"]
[BlackElo "2091"]
[PlyCount "132"]
[EventDate "2008.09.28"]
[Source "MonRoi"]

1. d4 d5 2. Nf3 Nf6 3. c4 e6 4. g3 c6 5. Nbd2 Bd6 6. Bg2 O-O 7. O-O Nbd7 8. Qc2
Qe7 9. e4 dxe4 10. Nxe4 Nxe4 11. Qxe4 e5 12. dxe5 Nxe5 13. Nxe5 Qxe5 14. Re1
Qxe4 15. Bxe4 Be6 16. b3 Bb4 17. Re2 a5 18. Bb2 a4 19. Bd4 Rfd8 20. Bb6 Re8 21.
Rd1 Bg4 22. f3 Rxe4 23. Rxe4 Bxf3 24. Red4 Bxd1 25. Rxd1 axb3 26. axb3 Kf8 27.
Rd7 Ra6 28. Bf2 b6 29. Kg2 c5 30. Kf3 Ra3 31. Rd3 Ke7 32. g4 Ra7 33. Bg3 Rd7
34. Rxd7+ Kxd7 35. Ke4 Ke6 36. h4 g6 37. Bc7 Ba5 38. Bg3 f6 39. Bc7 Kd7 40. Bg3
Kc6 41. h5 Bc3 42. hxg6 hxg6 43. Bh2 Bd2 44. Bg3 Bg5 45. Bh2 Bh6 46. Bg3 Bf8
47. Bh4 Be7 48. Bg3 Bd8 49. Bf2 Kd6 50. Bg3+ Ke6 51. Bh2 f5+ 52. gxf5+ gxf5+
53. Kf3 Kd7 54. Bg3 Bc7 55. Bxc7 Kxc7 56. Kf4 Kb7 57. Kxf5 Ka6 58. Ke4 Ka5 59.
Kd3 Kb4 60. Kc2 Ka3 61. Kc3 Ka2 62. Kc2 Ka1 63. Kc3 Ka2 64. Kc2 Ka1 65. Kc3 Ka2
66. Kc2 Ka1 1/2-1/2

[Event "COMMONWEALTH CHESS CHAMPIONSHI"]
[Site "Nagpur,India"]
[Date "2008.09.30"]
[Round "3.85"]
[White "Peiris, T G M."]
[Black "Soumya, Shrivastava"]
[Result "1-0"]
[WhiteElo "2091"]
[BlackElo "1768"]
[PlyCount "141"]
[EventDate "2008.09.28"]
[Source "MonRoi"]

1. e4 d5 2. exd5 Qxd5 3. Nc3 Qa5 4. Bc4 Nf6 5. Nf3 Bg4 6. h3 Bxf3 7. Qxf3 c6 8.
d4 e6 9. O-O Bd6 10. Bd2 Qc7 11. Rfe1 O-O 12. Ne4 Nxe4 13. Qxe4 Nd7 14. Bg5
Rfe8 15. Rad1 Be7 16. Bf4 Bd6 17. Bc1 Nf6 18. Qh4 Nd7 19. Re2 Nf8 20. g3 Rad8
21. Rde1 Be7 22. Qg4 Bf6 23. c3 Qd7 24. Kg2 Ng6 25. h4 Nf8 26. h5 Qe7 27. f4
Qd7 28. Qf3 Be7 29. Be3 Qc7 30. f5 exf5 31. Qxf5 Bf6 32. Bg5 Rxe2+ 33. Rxe2 Qd7
34. Qxd7 Nxd7 35. Bxf6 Nxf6 36. Re7 b5 37. Bxf7+ Kf8 38. Rxa7 Nd5 39. Bxd5 Rxd5
40. h6 gxh6 41. Rxh7 h5 42. Rh6 c5 43. Kf3 cxd4 44. cxd4 b4 45. Ke4 Rg5 46.
Rf6+ Ke7 47. Rf3 Ke6 48. Kd3 Kd5 49. Re3 Kd6 50. Kc4 Ra5 51. Rb3 Rxa2 52. Rxb4
Ra1 53. Rb6+ Kd7 54. Rh6 Rd1 55. Kd5 Rb1 56. Rxh5 Rxb2 57. Rh7+ Kd8 58. Ke5
Re2+ 59. Kd6 Ke8 60. d5 Rg2 61. Re7+ Kf8 62. Re3 Ra2 63. Ke6 Ke8 64. Rb3 Ra6+
65. d6 Kf8 66. Rb8+ Kg7 67. Ke7 Ra1 68. d7 Re1+ 69. Kd6 Rd1+ 70. Ke6 Re1+ 71.
Kf5 1-0

[Event "COMMONWEALTH CHESS CHAMPIONSHI"]
[Site "Nagpur,India"]
[Date "2008.09.30"]
[Round "3.86"]
[White "Divyasri, Ch"]
[Black "Wettasinghe, S V."]
[Result "1-0"]
[WhiteElo "2081"]
[BlackElo "1765"]
[PlyCount "59"]
[EventDate "2008.09.28"]
[Source "MonRoi"]

1. e4 e6 2. d4 d5 3. Nd2 Nf6 4. e5 Nfd7 5. f4 c5 6. c3 Nc6 7. Ndf3 Qc7 8. Bd3
Be7 9. Ne2 b6 10. Ng3 Bb7 11. a3 c4 12. Bc2 b5 13. f5 Nf8 14. Nh5 Rg8 15. fxe6
fxe6 16. O-O O-O-O 17. Ng5 Bxg5 18. Bxg5 Rd7 19. Qg4 Rh8 20. Rf3 Rf7 21. Rxf7
Qxf7 22. Rf1 Qd7 23. Bh4 Nd8 24. Bxd8 Kxd8 25. Nxg7 Bc8 26. Nh5 Kc7 27. Nf6 Qe7
28. Ng8 h5 29. Qg3 h4 30. Qg4 1-0

[Event "COMMONWEALTH CHESS CHAMPIONSHI"]
[Site "Nagpur,India"]
[Date "2008.09.30"]
[Round "3.88"]
[White "Harini, S."]
[Black "Navya Vyshnavi Mannepalli"]
[Result "1-0"]
[WhiteElo "2070"]
[BlackElo "1752"]
[PlyCount "47"]
[EventDate "2008.09.28"]
[Source "MonRoi"]

1. e4 g6 2. d4 Bg7 3. Nc3 e6 4. Nf3 Ne7 5. Bd3 d5 6. O-O O-O 7. Ne2 b6 8. c3
Bb7 9. Ng3 c5 10. e5 Nbc6 11. Be3 Qd7 12. Qd2 cxd4 13. cxd4 a5 14. Rac1 Rfc8
15. Bh6 Nb4 16. Bb1 Ba6 17. Rxc8+ Rxc8 18. Qg5 Bxh6 19. Qxh6 Nec6 20. Ng5 f6
21. exf6 Rf8 22. Bxg6 hxg6 23. Qxg6+ Kh8 24. f7 1-0

[Event "COMMONWEALTH CHESS CHAMPIONSHI"]
[Site "Nagpur,India"]
[Date "2008.09.30"]
[Round "3.90"]
[White "Sunyasakta, Satpathy"]
[Black "Suraj, M."]
[Result "0-1"]
[WhiteElo "1753"]
[BlackElo "2058"]
[PlyCount "114"]
[EventDate "2008.09.28"]
[Source "MonRoi"]

1. e4 c5 2. d4 cxd4 3. c3 dxc3 4. Nxc3 Nc6 5. Nf3 d6 6. Bc4 a6 7. O-O Nf6 8. e5
dxe5 9. Qxd8+ Nxd8 10. Nxe5 e6 11. Rd1 Be7 12. Be3 Nc6 13. Nxc6 bxc6 14. Na4
Nd5 15. Bxd5 cxd5 16. Nb6 Rb8 17. Rac1 Bd7 18. Rc7 Bd8 19. Nxd7 Bxc7 20. Nxb8
Bxb8 21. Rc1 Kd7 22. Rc3 Be5 23. Rb3 Rb8 24. Rxb8 Bxb8 25. g3 Kc6 26. f4 Kb5
27. Kf2 Kc4 28. Ke2 f6 29. g4 d4 30. Bd2 Kd5 31. h4 Ke4 32. f5 exf5 33. gxf5
d3+ 34. Kd1 Kxf5 35. b4 Ke4 36. a4 Kd5 37. b5 axb5 38. a5 Kc6 39. Be3 Kb7 40.
Kd2 Bc7 41. Kxd3 Bxa5 42. Ke4 Kc6 43. h5 g6 44. hxg6 hxg6 45. Bd4 Bd8 46. Kd3
Kd5 47. Bc3 f5 48. Bb4 g5 49. Bd2 f4 50. Ke2 Ke4 51. Bb4 g4 52. Kf2 Bh4+ 53.
Kg2 f3+ 54. Kf1 g3 55. Bc3 Kd3 56. Bb4 g2+ 57. Kg1 Ke2 0-1

[Event "COMMONWEALTH CHESS CHAMPIONSHI"]
[Site "Nagpur,India"]
[Date "2008.09.30"]
[Round "3.91"]
[White "Dharani Sree R"]
[Black "Hardik Mehta"]
[Result "0-1"]
[WhiteElo "1745"]
[BlackElo "2037"]
[PlyCount "80"]
[EventDate "2008.09.28"]
[Source "MonRoi"]

1. c4 Nf6 2. Nc3 g6 3. g3 Bg7 4. Bg2 O-O 5. Nf3 d6 6. O-O Nc6 7. d4 a6 8. d5
Na5 9. Nd2 c5 10. dxc6 Nxc6 11. Nb3 Bd7 12. Bf4 Na5 13. Nxa5 Qxa5 14. Qd2 Bc6
15. Nd5 Qxd2 16. Nxe7+ Kh8 17. Bxd2 Bxg2 18. Kxg2 Rfe8 19. Nd5 Nxd5 20. cxd5
Rxe2 21. Bc3 Rae8 22. Rab1 b5 23. Rbc1 Bxc3 24. Rxc3 Rxb2 25. Rc6 Rxa2 26. Rxd6
Ree2 27. Rc6 Red2 28. d6 Kg7 29. Kf3 a5 30. h4 b4 31. g4 b3 32. h5 a4 33. Rb6
b2 34. Ke3 Rxd6 35. Rxd6 Ra1 36. Rdd1 Rxd1 37. Rxd1 a3 38. Kf4 a2 39. Kg5 b1=Q
40. Rxb1 axb1=Q 0-1

[Event "COMMONWEALTH CHESS CHAMPIONSHI"]
[Site "Nagpur,India"]
[Date "2008.09.30"]
[Round "3.92"]
[White "Devangi, Patankar"]
[Black "Ishwar, Ramteke"]
[Result "1-0"]
[WhiteElo "2028"]
[BlackElo "1741"]
[PlyCount "57"]
[EventDate "2008.09.28"]
[Source "MonRoi"]

1. e4 e5 2. Nf3 d6 3. d4 exd4 4. Nxd4 Nf6 5. Nc3 Be7 6. Bc4 a6 7. a4 O-O 8. O-O
c5 9. Nde2 Nc6 10. Nf4 h6 11. Nfd5 Re8 12. Bf4 Bf8 13. Nxf6+ Qxf6 14. Nd5 Qd8
15. Qf3 Be6 16. Qg3 Kh8 17. Rad1 g5 18. Bd2 Ne5 19. Ba2 b5 20. f4 gxf4 21. Rxf4
Bg7 22. Rh4 Ng6 23. Bg5 Qb8 24. Bxh6 Be5 25. Bf4+ Kg7 26. Bxe5+ dxe5 27. Qg5
Rh8 28. Qf6+ Kg8 29. Ne7+ 1-0

[Event "COMMONWEALTH CHESS CHAMPIONSHI"]
[Site "Nagpur,India"]
[Date "2008.09.30"]
[Round "3.93"]
[White "Monnisha G K"]
[Black "Ghosh, Diptayan"]
[Result "0-1"]
[WhiteElo "1741"]
[BlackElo "2028"]
[PlyCount "80"]
[EventDate "2008.09.28"]
[Source "MonRoi"]

1. e4 e5 2. Nf3 Nc6 3. Bb5 a6 4. Ba4 Nf6 5. O-O Be7 6. Re1 b5 7. Bb3 d6 8. c3
O-O 9. h3 Na5 10. Bc2 c5 11. d4 cxd4 12. cxd4 Qc7 13. Nbd2 Nc6 14. d5 Nb4 15.
Bb1 a5 16. a3 Na6 17. Nf1 Bd7 18. Ne3 g6 19. Bd2 Nc5 20. Nf1 Na4 21. b4 Nc3 22.
Qb3 axb4 23. Qxb4 Nxb1 24. Raxb1 Ra4 25. Rbc1 Qa7 26. Qb1 Rxa3 27. Be3 Qb7 28.
N1d2 Rfa8 29. Qc2 Bd8 30. Nh2 Ne8 31. Kh1 Ra2 32. Qd1 Bb6 33. Qe2 Bxe3 34. Qxe3
Qa7 35. Qd3 Qxf2 36. Nhf3 R8a3 37. Qb1 Rxd2 38. Rg1 Rxf3 39. Rcf1 Rxh3+ 40.
gxh3 Qh2# 0-1

[Event "COMMONWEALTH CHESS CHAMPIONSHI"]
[Site "Nagpur,India"]
[Date "2008.09.30"]
[Round "3.94"]
[White "Simantini Huchche"]
[Black "De Silva, Osheen"]
[Result "1-0"]
[WhiteElo "1588"]
[BlackElo "2022"]
[PlyCount "91"]
[EventDate "2008.09.28"]
[Source "MonRoi"]

1. Nf3 Nf6 2. c4 g6 3. b3 Bg7 4. Bb2 c6 5. g3 Qb6 6. e3 O-O 7. Bg2 d5 8. cxd5
Nxd5 9. Bxg7 Kxg7 10. Qc2 Na6 11. Qb2+ Kg8 12. d4 Bf5 13. O-O Rad8 14. Nc3 Nxc3
15. Qxc3 Be4 16. a3 Rd5 17. b4 Nc7 18. Ne5 Nb5 19. Qc4 Nd6 20. Qc3 Bxg2 21.
Kxg2 Rd8 22. Rfd1 Ne4 23. Qc2 Ng5 24. h4 Ne6 25. Qe4 Qc7 26. Qf3 f6 27. Nd3 Qd7
28. Rac1 b6 29. Rc4 c5 30. Nf4 Nxf4+ 31. Qxf4 Qb5 32. Rdc1 cxd4 33. exd4 R5d7
34. Qe3 Qd5+ 35. f3 b5 36. Rc5 Qb7 37. Rd1 Kg7 38. h5 g5 39. h6+ Kxh6 40. Rh1+
Kg7 41. Rxg5+ fxg5 42. Qxg5+ Kh8 43. Qe5+ Kg8 44. Qe6+ Kh8 45. Qf7 e6 46. Rxh7#
1-0

[Event "COMMONWEALTH CHESS CHAMPIONSHI"]
[Site "Nagpur,India"]
[Date "2008.09.30"]
[Round "3.96"]
[White "Raghavi, N."]
[Black "Ranasinghe, S D."]
[Result "1-0"]
[WhiteElo "2064"]
[BlackElo "1796"]
[PlyCount "63"]
[EventDate "2008.09.28"]
[Source "MonRoi"]

1. e4 c5 2. Nf3 Nc6 3. d4 cxd4 4. Nxd4 a6 5. c4 Nf6 6. Nc3 g6 7. Be2 Bg7 8. Be3
d6 9. O-O O-O 10. Kh1 Bd7 11. Rc1 Nxd4 12. Bxd4 Bc6 13. f3 Nd7 14. Be3 b5 15.
cxb5 Bxb5 16. Nxb5 axb5 17. Qb3 b4 18. Bb5 Ra5 19. a4 bxa3 20. bxa3 Qb8 21. a4
Ne5 22. Rc2 Rc8 23. Rfc1 Rxc2 24. Qxc2 Ra8 25. h3 Qd8 26. Qc7 f5 27. Qxd8+ Rxd8
28. a5 fxe4 29. fxe4 Kf7 30. a6 Ke6 31. a7 Ra8 32. Ba6 1-0

[Event "COMMONWEALTH CHESS CHAMPIONSHI"]
[Site "Nagpur,India"]
[Date "2008.09.30"]
[Round "3.97"]
[White "Mitali, Madhukar Patil"]
[Black "Ashwini U"]
[Result "1-0"]
[WhiteElo "2050"]
[BlackElo "1693"]
[PlyCount "67"]
[EventDate "2008.09.28"]
[Source "MonRoi"]

1. e4 e5 2. Nf3 Nc6 3. d4 exd4 4. c3 dxc3 5. Nxc3 Bb4 6. Bc4 d6 7. O-O Nf6 8.
Qb3 O-O 9. Ng5 Qe8 10. Nd5 Ba5 11. Qc2 Nb4 12. Nxb4 Bxb4 13. f4 h6 14. e5 hxg5
15. exf6 Bc5+ 16. Kh1 gxf6 17. Qg6+ Kh8 18. Qh6+ Kg8 19. Qg6+ Kh8 20. Qxf6+ Kg8
21. Qg6+ Kh8 22. Qf6+ Kg8 23. Qg6+ Kh8 24. Qh6+ Kg8 25. fxg5 Be6 26. g6 fxg6
27. Rxf8+ Qxf8 28. Bxe6+ Qf7 29. Qxg6+ Kh8 30. Bxf7 Rf8 31. Bh6 Rxf7 32. Qxf7
Bd4 33. Re1 a5 34. Re8# 1-0

[Event "COMMONWEALTH CHESS CHAMPIONSHI"]
[Site "Nagpur,India"]
[Date "2008.09.30"]
[Round "3.99"]
[White "Mohana, Priya J"]
[Black "Megha Gupta"]
[Result "1-0"]
[WhiteElo "2048"]
[BlackElo "1643"]
[PlyCount "57"]
[EventDate "2008.09.28"]
[Source "MonRoi"]

1. d4 Nf6 2. Nc3 d5 3. Bg5 c6 4. Qd3 e6 5. e4 dxe4 6. Nxe4 Be7 7. Nxf6+ Bxf6 8.
Bxf6 Qxf6 9. Nf3 Nd7 10. O-O-O O-O 11. h4 h6 12. Qe4 h5 13. Kb1 Qh6 14. Ne5 Nf6
15. Qf3 Nd7 16. Be2 g6 17. g4 Nxe5 18. dxe5 hxg4 19. Qxg4 Kg7 20. h5 b5 21.
hxg6 Qxg6 22. Qh4 f5 23. Rdg1 Kf7 24. Rxg6 Ke8 25. Rg7 Rf7 26. Rxf7 Kxf7 27.
Qf6+ Ke8 28. Rh8+ Kd7 29. Qd8# 1-0

[Event "Commonwealth Chess Championship 2008"]
[Site "Nagpur India"]
[Date "2008.09.30"]
[Round "?"]
[White "Surya Shekhar, Ganguly"]
[Black "Vikramaditya, Kamble"]
[Result "1-0"]
[WhiteElo "2631"]
[BlackElo "2376"]
[PlyCount "103"]
[EventDate "2008.09.28"]
[Source "MonRoi"]

1. e4 e6 2. d4 d5 3. Nc3 Bb4 4. e5 c5 5. a3 Bxc3+ 6. bxc3 Qa5 7. Bd2 Qa4 8. Rb1
c4 9. Qc1 Nc6 10. Nf3 Nge7 11. h4 b6 12. h5 h6 13. Be2 Bd7 14. Rh3 O-O-O 15.
Kf1 f6 16. Bf4 Rh7 17. Bh2 Kb7 18. Qb2 Re8 19. Re1 Ka8 20. Bd1 f5 21. Bf4 b5
22. Nh4 Rb8 23. Be2 Qa6 24. Ra1 Qc8 25. Qc1 Be8 26. Bf3 Rb6 27. Qd2 Bf7 28. g3
Rh8 29. Kg2 Qd7 30. Qe2 Ra6 31. Rhh1 Rb8 32. Bd2 Nc8 33. Rhb1 Nb6 34. Kg1 Qe7
35. Rxb5 Rxa3 36. Rab1 Ra2 37. Ng2 Qc7 38. Ne3 a6 39. R5b2 Rxb2 40. Rxb2 Na7
41. Nxf5 Nb5 42. Nd6 Nxd6 43. exd6 Qd7 44. Ra2 Ka7 45. Qe5 Bg8 46. Bc1 Na4 47.
Rxa4 Qxa4 48. Qxg7+ Rb7 49. Qxg8 Qa1 50. Kg2 Qxc1 51. Qxe6 Qg5 52. Bxd5 1-0

[Event "Commonwealth Chess Championship 2008"]
[Site "Nagpur India"]
[Date "2008.09.30"]
[Round "?"]
[White "Deep, Sengupta"]
[Black "Lanka, Ravi"]
[Result "1-0"]
[WhiteElo "2454"]
[BlackElo "2371"]
[PlyCount "105"]
[EventDate "2008.09.28"]
[Source "MonRoi"]

1. Nf3 Nf6 2. d4 e6 3. e3 b6 4. Bd3 Bb7 5. O-O c5 6. c4 Be7 7. Nc3 O-O 8. d5
exd5 9. cxd5 d6 10. e4 Nbd7 11. h3 a6 12. a4 Qc7 13. Bc4 Rfe8 14. Re1 Nf8 15.
Nh2 Ng6 16. f4 Nd7 17. Nf3 Nh4 18. Nh2 Bf6 19. g3 Bd4+ 20. Kf1 Ng6 21. Nf3 Bxc3
22. bxc3 b5 23. axb5 Nb6 24. Bd3 c4 25. Bc2 axb5 26. Rxa8 Rxa8 27. Qd4 Nf8 28.
Be3 Na4 29. Ra1 Qc8 30. g4 Nd7 31. Rb1 Ba6 32. e5 Nac5 33. Ng5 h6 34. Ne4 dxe5
35. fxe5 Nd3 36. Bxd3 cxd3 37. Nd2 Qc7 38. Bf4 Qc5 39. Qxc5 Nxc5 40. Kf2 Na4
41. Rb3 Nb6 42. d6 Nd5 43. Be3 Kf8 44. Bd4 Ke8 45. Ne4 Bb7 46. Rxb5 Bc6 47. Rb2
Nf4 48. Ke3 g5 49. Nc5 Bg2 50. h4 Bh3 51. hxg5 hxg5 52. Ne4 Bxg4 53. Nf6+ 1-0

[Event "Commonwealth Chess Championship 2008"]
[Site "Nagpur India"]
[Date "2008.09.30"]
[Round "?"]
[White "Jayaram, Ashwin"]
[Black "Saha, Suvrajit"]
[Result "1/2-1/2"]
[WhiteElo "2436"]
[BlackElo "2367"]
[PlyCount "48"]
[EventDate "2008.09.28"]
[Source "MonRoi"]

1. d4 d5 2. c4 c6 3. Nf3 Nf6 4. e3 e6 5. Bd3 Nbd7 6. b3 Ne4 7. O-O f5 8. Qc2
Bd6 9. Ba3 Bxa3 10. Nxa3 O-O 11. Nb1 Qf6 12. Rc1 g5 13. Nbd2 g4 14. Ne1 Qh6 15.
Nf1 Ndf6 16. f3 gxf3 17. Nxf3 Bd7 18. Bxe4 Nxe4 19. Qd3 Be8 20. N1d2 Bg6 21.
Ne5 f4 22. Nxg6 Qxg6 23. Rf1 Nxd2 24. Qxd2 f3 1/2-1/2

[Event "Commonwealth Chess Championship 2008"]
[Site "Nagpur India"]
[Date "2008.09.30"]
[Round "?"]
[White "Rahul, Sangma"]
[Black "Swayangsu, Satyapragyan"]
[Result "1/2-1/2"]
[WhiteElo "2339"]
[BlackElo "2414"]
[PlyCount "53"]
[EventDate "2008.09.28"]
[Source "MonRoi"]

1. e4 c5 2. Nf3 d6 3. d4 Nf6 4. Nc3 cxd4 5. Nxd4 e6 6. Be3 a6 7. f3 b5 8. g4
Nfd7 9. Qd2 Nb6 10. Qf2 N8d7 11. a4 bxa4 12. Nxa4 Nxa4 13. Rxa4 Nc5 14. Ra1 Bb7
15. Bc4 Be7 16. O-O O-O 17. Rfd1 Qc7 18. Qe2 d5 19. exd5 exd5 20. Bd3 Rfe8 21.
Qf2 g6 22. c3 Bd6 23. Bg5 Ne6 24. Be3 Nf4 25. Bf1 Re7 26. Re1 Rae8 27. Bd2
1/2-1/2

[Event "Commonwealth Chess Championship 2008"]
[Site "Nagpur India"]
[Date "2008.09.30"]
[Round "?"]
[White "Aleksandar H, Wohl"]
[Black "Anup, Deshmukh"]
[Result "0-1"]
[WhiteElo "2384"]
[BlackElo "2284"]
[PlyCount "93"]
[EventDate "2008.09.28"]
[Source "MonRoi"]

1. Nf3 g6 2. d4 d6 3. e4 Bg7 4. Bc4 Nf6 5. Qe2 O-O 6. e5 Ne8 7. Nc3 c6 8. h4
Bg4 9. h5 d5 10. Bd3 Nc7 11. Rh4 Qd7 12. hxg6 fxg6 13. Bh6 Bxh6 14. Rxh6 Ne6
15. Qe3 Nf4 16. O-O-O Nxd3+ 17. Qxd3 Qf5 18. Qd2 Bxf3 19. gxf3 Nd7 20. Ne2 e6
21. f4 Rf7 22. Rg1 Rg7 23. Rg5 Qf7 24. Ng1 c5 25. Nf3 Rc8 26. Rh4 Qe7 27. Kb1
Nb6 28. b3 c4 29. Rg3 c3 30. Qc1 a5 31. Rhh3 a4 32. Ng5 axb3 33. axb3 Qb4 34.
Nxe6 Nc4 35. Rxc3 Ra8 36. Rxc4 dxc4 37. Qe3 cxb3 38. cxb3 Qa3 39. Nxg7 Qa2+ 40.
Kc1 Rc8+ 41. Kd1 Rc2 42. Qc1 Rxc1+ 43. Kxc1 Kxg7 44. Rd3 Qxf2 45. d5 Qxf4+ 46.
Kc2 Qxe5 47. d6 0-1

[Event "Commonwealth Chess Championship 2008"]
[Site "Nagpur India"]
[Date "2008.09.30"]
[Round "?"]
[White "Mahmood, Lodhi"]
[Black "Vinay Kumar, Matta"]
[Result "1-0"]
[WhiteElo "2379"]
[BlackElo "2265"]
[PlyCount "87"]
[EventDate "2008.09.28"]
[Source "MonRoi"]

1. d4 Nf6 2. Nf3 g6 3. g3 Bg7 4. Bg2 O-O 5. O-O d6 6. c4 Nc6 7. Nc3 a6 8. e4
Bg4 9. Be3 Nd7 10. Ne2 Na5 11. Nd2 Bxe2 12. Qxe2 c5 13. Nf3 Qc7 14. Rac1 e5 15.
d5 Rab8 16. Nd2 b5 17. b4 Nxc4 18. Nxc4 bxc4 19. Qxc4 Qb7 20. bxc5 Nxc5 21.
Bxc5 Rfc8 22. Bxd6 Rxc4 23. Rxc4 Rc8 24. Rfc1 Rxc4 25. Rxc4 h5 26. Bf1 f5 27.
Rc7 Qb1 28. Bc5 fxe4 29. d6 Qd1 30. d7 Bf6 31. Rc6 Bd8 32. Rxg6+ Kf7 33. Rxa6
Qd5 34. Be3 Ke7 35. Ra7 Kd6 36. h4 Qd1 37. a4 Kc6 38. Kg2 Kd6 39. Bb5 Ke6 40.
Kh2 Qd5 41. Ra6+ Kf5 42. Rh6 Kg4 43. Be2+ Kf5 44. Bxh5 1-0